| 000 | 00758nas a2200253 4500 | ||
|---|---|---|---|
| 001 | BR9801170 | ||
| 003 | BR-BrBNA | ||
| 005 | 20231205100925.0 | ||
| 007 | ta | ||
| 008 | 230509b bl.|||p| |||| 00| 00por d | ||
| 040 |
_aBR-BrBNA _bpor _cBiblioteca Nacional de Agricultura |
||
| 041 | _a(Pt) | ||
| 072 | _aQ04 | ||
| 100 | 1 | _aCardoso, R.L. | |
| 100 | 1 | _aMontgomery, M.W. | |
| 245 | 1 | _aEstabilidade de geleia de jambo (Eugenia malaccensis L.) | |
| 650 | _aJambo | ||
| 650 | _aGeleia | ||
| 650 | _aAnalise Organoleptica | ||
| 650 | _aPropriedade Organoleptica | ||
| 773 | 0 |
_tRevista Brasileira de Fruticultura (Brazil) _xISSN 0100-2945 _g(Apr 1997), v. 19(1) p. 133-138 _wBR9801170 |
|
| 909 |
_a202311 _bLúcia _c55 _dLúcia Elande |
||
| 942 |
_2AGRIS _n0 _cANA |
||
| 999 |
_c158805 _d158805 |
||